| 000 | 00321nam a22001337a 4500 | ||
|---|---|---|---|
| 027 | _qPB. | ||
| 040 | _cFIZZA ISHAQ | ||
| 082 |
_a006.76 _bRAD |
||
| 100 |
_aS, RADHIKA. _955398 |
||
| 245 |
_aPROGRAMMING WITH JAVA / _cRADHIKA. S |
||
| 260 |
_aNEW DEHLI : _bJOHN PUBLISHER, _c2012. |
||
| 300 | _a698 P. ; | ||
| 942 |
_2ddc _cBK |
||
| 999 |
_c566253 _d566253 |
||